College vocabulary / (Record no. 2591)

MARC details
000 -LEADER
fixed length control field 01544cam a22003855a 4500
003 - CONTROL NUMBER IDENTIFIER
control field EG-ScBUE
005 - DATE AND TIME OF LATEST TRANSACTION
control field 20220515123304.0
008 - FIXED-LENGTH DATA ELEMENTS--GENERAL INFORMATION
fixed length control field 100116t2006 maua f 000 0 eng d
020 ## - INTERNATIONAL STANDARD BOOK NUMBER
International Standard Book Number 0618230246 (v. 1)
020 ## - INTERNATIONAL STANDARD BOOK NUMBER
International Standard Book Number 9780618230242 (v. 1)
020 ## - INTERNATIONAL STANDARD BOOK NUMBER
International Standard Book Number 0618230254 (v. 2)
020 ## - INTERNATIONAL STANDARD BOOK NUMBER
International Standard Book Number 9780618230259 (v. 2)
020 ## - INTERNATIONAL STANDARD BOOK NUMBER
International Standard Book Number 0618230262 (v. 3)
020 ## - INTERNATIONAL STANDARD BOOK NUMBER
International Standard Book Number 9780618230266 (v. 3)
020 ## - INTERNATIONAL STANDARD BOOK NUMBER
International Standard Book Number 0618230270 (v. 4)
020 ## - INTERNATIONAL STANDARD BOOK NUMBER
International Standard Book Number 9780618230273 (v. 4)
040 ## - CATALOGING SOURCE
Original cataloging agency EG-ScBUE
Language of cataloging eng
Description conventions rda
Transcribing agency EG-ScBUE
Modifying agency EG-ScBUE
082 04 - DEWEY DECIMAL CLASSIFICATION NUMBER
Classification number 428.1
Item number COL
Edition number 22
245 00 - TITLE STATEMENT
Title College vocabulary /
Statement of responsibility, etc Julie Howard, [and three others]
264 #1 - PUBLICATION, DISTRIBUTION, ETC. (IMPRINT)
Place of publication, distribution, etc Boston, MA :
Name of publisher, distributor, etc Heinle :
-- Houghton Mifflin Company,
Date of publication, distribution, etc [2006]
264 #4 - PUBLICATION, DISTRIBUTION, ETC. (IMPRINT)
Date of publication, distribution, etc c2006
300 ## - PHYSICAL DESCRIPTION
Extent 4 volumes :
Other physical details illustrations ;
Dimensions 24 cm.
336 ## - CONTENT TYPE
Source rdacontent
Content type term text
Content type code txt
337 ## - MEDIA TYPE
Source rdamedia
Media type term unmediated
Media type code n
338 ## - CARRIER TYPE
Source rdacarrier
Carrier type term volume
Carrier type code nc
490 0# - SERIES STATEMENT
Series statement Houghton mifflin English for academic success
490 0# - SERIES STATEMENT
Series statement English for academic success
505 0# - FORMATTED CONTENTS NOTE
Formatted contents note Volume 1. Low intermediate / Julie Howard -- Volume 2. Intermediate / Chaudron Gille -- Volume 3. High intermediate / Keith S. Folse, Marcella Farina -- Volume 4. Advanced / John D. Bunting.
520 ## - SUMMARY, ETC.
Summary, etc Helps students develop the ability to understand and use the vocabulary in the Oral Communication, Reading, and Writing strands which come from the Academic Word List (AWL).
650 #7 - SUBJECT ADDED ENTRY--TOPICAL TERM
Topical term or geographic name as entry element Vocabulary.
Source of heading or term BUEsh
9 (RLIN) 7763
651 ## - SUBJECT ADDED ENTRY--GEOGRAPHIC NAME
Source of heading or term BUEsh
653 ## - INDEX TERM--UNCONTROLLED
Resource For college Humanities: English
Arrived date list January2017
-- January2019
700 1# - ADDED ENTRY--PERSONAL NAME
Personal name Howard, Julie.
9 (RLIN) 10356
942 ## - ADDED ENTRY ELEMENTS (KOHA)
Source of classification or shelving scheme Dewey Decimal Classification
Koha item type Book - Borrowing
Holdings
Withdrawn status Lost status Source of classification or shelving scheme Damaged status Not for loan Collection code Home library Current library Shelving location Date acquired Source of acquisition Total Checkouts Full call number Barcode Date last seen Date checked out Koha item type Public note Cost, normal purchase price Serial Enumeration / chronology Cost, replacement price Total Renewals
    Dewey Decimal Classification     Baccah Central Library Central Library Second Floor 05/06/2007 Purchase 1 428.1 COL 000001610 15/07/2025 28/09/2016 Book - Borrowing v. 1. Low Intermediate        
    Dewey Decimal Classification     Baccah Central Library Central Library Second Floor 16/01/2010 Purchase 3 428.1 COL 000001616 11/06/2024 01/11/2015 Book - Borrowing v. 4. Advanced        
    Dewey Decimal Classification     Baccah Central Library Central Library Second Floor 16/01/2010 Purchase 1 428.1 COL 000001615 11/06/2024 13/10/2016 Book - Borrowing v. 3. High intermediate        
    Dewey Decimal Classification     Baccah Central Library Central Library Second Floor 16/01/2010 Purchase 2 428.1 COL 000001611 15/07/2025 13/10/2016 Book - Borrowing v. 2. Intermediate        
    Dewey Decimal Classification     ILB Central Library Central Library Second Floor 08/01/2017 Purchase   428.1 COL 000040783 15/07/2025   Book - Borrowing v. 2. Intermediate 192.00 8263 240.00  
    Dewey Decimal Classification     ILB Central Library Central Library Second Floor 08/01/2017 Purchase   428.1 COL 000040784 15/07/2025   Book - Borrowing v. 3. High intermediate 192.00 8263 240.00  
    Dewey Decimal Classification     ILB Central Library Central Library Second Floor 08/01/2017 Purchase   428.1 COL 000040785 15/07/2025   Book - Borrowing v. 4. Advanced 192.00 8263 240.00  
    Dewey Decimal Classification     ILB Central Library Central Library Second Floor 13/05/2019 Purchase 2 428.1 COL 000044659 15/07/2025 11/09/2019 Book - Borrowing v. 1. Low Intermediate 192.00 8263 240.00 5